000 00596nam a22002177a 4500
001 00028625
005 20260321113241.0
008 260321b ag ||||| |||| 00| 0 spa d
020 _a9789505152841
040 _aAR-CcCEOS
_bspa
_cAR-CcCEOS
041 _aspa
080 _a929 Rodrigué
090 _bROD
100 1 _aRodrigué, Emilio
_9953
245 _aMi prontuario /
_cEmilio Rodrigué
250 _a1ª ed.
260 _aBuenos Aires :
_bde la Flor,
_c2011.
300 _a448 p. ;
_c20x14 cm.
655 0 _anarrativa testimonial
_vmemorias
_9954
_xbiografía
942 _2udc
_cBK
_n0
999 _c28657
_d28657